Djaga djangan sampai revolusi Indonesia bisa didjegal orang! (Record no. 70173)

MARC details
000 -LEADER
fixed length control field 00779cam a22002171 4500
001 - CONTROL NUMBER
control field sa 66005844
003 - CONTROL NUMBER IDENTIFIER
control field DLC
005 - DATE AND TIME OF LATEST TRANSACTION
control field 20260227112252.0
008 - FIXED-LENGTH DATA ELEMENTS--GENERAL INFORMATION
fixed length control field 890913s1965 io 000 0 ind
010 ## - LIBRARY OF CONGRESS CONTROL NUMBER
LC control number sa 66005844
035 ## - SYSTEM CONTROL NUMBER
System control number (OCoLC)23537077
040 ## - CATALOGING SOURCE
Original cataloging agency DLC
Transcribing agency MiU
Modifying agency DLC
042 ## - AUTHENTICATION CODE
Authentication code premarc
050 00 - LIBRARY OF CONGRESS CALL NUMBER
Classification number LAW <Indonesia 7 Suka 1965>
100 0# - MAIN ENTRY--PERSONAL NAME
Personal name Soekarno,
Dates associated with a name 1901-1970.
245 10 - TITLE STATEMENT
Title Djaga djangan sampai revolusi Indonesia bisa didjegal orang!
Statement of responsibility, etc. Amanat pada Musjawarah-Kerdja Kedjaksaan seluruh Indonesia di markas besar Ganefo, Senajan, Djakarta, tanggal 15 Djuni 1965.
260 ## - PUBLICATION, DISTRIBUTION, ETC.
Place of publication, distribution, etc. [Djakarta]
Name of publisher, distributor, etc. Departemen Penerangan
Date of publication, distribution, etc. [1965]
300 ## - PHYSICAL DESCRIPTION
Extent 18 p.
Other physical details port.
Dimensions 21 cm.
500 ## - GENERAL NOTE
General note "Penerbitan chusus, 377."
650 #0 - SUBJECT ADDED ENTRY--TOPICAL TERM
Topical term or geographic name entry element Criminal justice, Administration of
Geographic subdivision Indonesia.

No items available.

Powered by Koha